1789 1056 1147 1041 1780 1214 1355 1293 1620 1489 1026 1752 1442 1546 1346 1510 1569 1608 1784 1072 1427 1083 1891 1668 1083 1870 1261 1911 1632 1604 1717 1112 1681 1000 1370 1028 1361 1580 1489 1763 1404 1682 1254 1368 1048 1864 1086 1049 1697 1232 1124 1864 1372 1737 1691 1433 1131 1761 1708 1272 1101 1521 1111 1955 1621 1875 1447 1230 1182 1680 1466 1969 1229 1985 1858 1693 1392 1145 1785 1312 1287 1151 1926 1554 1349 1981 1348 1414 1678 1514 1655 1494 1420 1550 1740 1612 1048 1763 1145 BCNSPRNW ULIB Ver.6.0+V

เปลี่ยนเป็นภาษาไทย

Change to English
 แสดงรายละเอียดบรรณานุกรม
  กลับหน้าหลัก

Brief Record : Get Marc (ISO 2709) : E-mail record : QR code < ปิดหน้าต่าง
LEADER : 00000nam 2200000uu 4500
001    13399109231
003     ULIB
008    110324s2549||||th 000 0 tha d
020    9789749459119
060 04 WA525^bส139จ 2549
100 0  สงวน นิตยารัมภ์พงศ์
245 10 จากเศรษฐกิจพอเพียงสู่สุขภาพพอเพียง /^cสงวน นิตยารัมภ์พงศ์
250    พิมพ์ครั้งที่ 1
260    นนทบุรี :^bสำนักงานหลักประกันสุขภาพแห่งชาติ,^c2549
300    55 หน้า :^bภาพประกอบ ;^c22 ซม.
500    เรียงเรียงจากการบรรยายหัวข้อ"สุขภาพพอเพียงและเพียงพอเพื่อคุณภาพชีวิตในเมืองหลวง" วันที่ 30 กันยายน พ.ศ. 2549 ณ สถาบันพระปกเกล้า
650  7 นโยบายด้านสุขภาพ^zไทย
650  7 การปฏิรูประบบสุขภาพ^zไทย
650  7 สุขภาพ^zไทย
710 2  สำนักงานหลักประกันสุขภาพแห่งชาติ
945    ^p0^l0^i020689
995    ทศพร
999 ^a ใช้งานได้ทุกระบบ
รายการนี้ยังไม่มีแท็ก
คุณยังไม่ได้ล็อกอิน คุณสามารถมีกิจกรรมร่วมกับเว็บไซต์ได้ แต่ต้องล็อกอินก่อน ::
  ล็อกอิน

รายการสื่อสารสนเทศ

ลำดับที่ ประเภท เลขเรียก/บาร์โค้ด สถานที่ สถานะ
- ไม่พบข้อมูล -

รายการใกล้เคียง
    ผู้แต่ง [สงวน นิตยารัมภ์พงศ์]

BibComment


ยังไม่เคยถูกคอมเมนท์

คอมเมนท์ทรัพยากรรายการนี้
  คอมเมนท์: จากเศรษฐกิจพอเพีย..


 Copyright 2026. Bcnsprnw @Library